Применение наносекундного электронного пучка для обеззараживания сточных вод; Перспективы развития фундаментальных наук; Т. 4 : Биомедицина
| Parent link: | Перспективы развития фундаментальных наук=Prospects of Fundamental Sciences Development: сборник научных трудов XIII Международной конференции студентов, аспирантов и молодых ученых, г. Томск, 26-29 апреля 2016 г./ Национальный исследовательский Томский политехнический университет (ТПУ) ; под ред. И. А. Курзиной, Г. А. Вороновой.— , 2016 Т. 4 : Биомедицина.— 2016.— [С. 63-65] |
|---|---|
| প্রধান লেখক: | |
| সংস্থা লেখক: | |
| অন্যান্য লেখক: | |
| সংক্ষিপ্ত: | Заглавие с титульного экрана The objective of the study is to consider the possibility of applying the nanosecond electron beam for neutralize of various groups of microorganisms living in wastewater. The advantages of this method have been illustrated. The mechanism of influence of ionizing radiation on cells has been described. The microbial suspension has been irradiated by a nanosecond electron beam, and then the effectiveness of the electron beam as a disinfecting agent has been assessed. On the example of some cultures of microorganisms, it has been shown that the nanosecond electron beam is an effective disinfecting agent for the of wastewater treatment. |
| ভাষা: | রুশ |
| প্রকাশিত: |
2016
|
| বিষয়গুলি: | |
| অনলাইন ব্যবহার করুন: | http://earchive.tpu.ru/handle/11683/25982 |
| বিন্যাস: | বৈদ্যুতিক গ্রন্থের অধ্যায় |
| KOHA link: | https://koha.lib.tpu.ru/cgi-bin/koha/opac-detail.pl?biblionumber=618076 |
MARC
| LEADER | 00000naa2a2200000 4500 | ||
|---|---|---|---|
| 001 | 618076 | ||
| 005 | 20231101133007.0 | ||
| 035 | |a (RuTPU)RU\TPU\conf\16438 | ||
| 035 | |a RU\TPU\conf\16436 | ||
| 090 | |a 618076 | ||
| 100 | |a 20160520d2016 k y0rusy50 ca | ||
| 101 | 0 | |a rus |d eng | |
| 102 | |a RU | ||
| 105 | |a y z 101zy | ||
| 135 | |a drgn ---uucaa | ||
| 181 | 0 | |a i | |
| 182 | 0 | |a b | |
| 200 | 1 | |a Применение наносекундного электронного пучка для обеззараживания сточных вод |d The use of nanosecond electron beam for wastewater disinfection |f А. А. Курилова |g науч. рук. М. В. Чубик | |
| 203 | |a Текст |c электронный | ||
| 230 | |a 1 компьютерный файл (pdf; 196 Кb) | ||
| 300 | |a Заглавие с титульного экрана | ||
| 320 | |a [Библиогр.: с. 65 (4 назв.)] | ||
| 330 | |a The objective of the study is to consider the possibility of applying the nanosecond electron beam for neutralize of various groups of microorganisms living in wastewater. The advantages of this method have been illustrated. The mechanism of influence of ionizing radiation on cells has been described. The microbial suspension has been irradiated by a nanosecond electron beam, and then the effectiveness of the electron beam as a disinfecting agent has been assessed. On the example of some cultures of microorganisms, it has been shown that the nanosecond electron beam is an effective disinfecting agent for the of wastewater treatment. | ||
| 461 | 1 | |0 (RuTPU)RU\TPU\conf\16353 |t Перспективы развития фундаментальных наук |l Prospects of Fundamental Sciences Development |o сборник научных трудов XIII Международной конференции студентов, аспирантов и молодых ученых, г. Томск, 26-29 апреля 2016 г. |o в 7 т. |f Национальный исследовательский Томский политехнический университет (ТПУ) ; под ред. И. А. Курзиной, Г. А. Вороновой |d 2016 | |
| 463 | 0 | |0 (RuTPU)RU\TPU\conf\16357 |t Т. 4 : Биомедицина |v [С. 63-65] |d 2016 | |
| 510 | 1 | |a The use of nanosecond electron beam for wastewater disinfection |z eng | |
| 610 | 1 | |a труды учёных ТПУ | |
| 610 | 1 | |a электронный ресурс | |
| 610 | 1 | |a электронные пучки | |
| 610 | 1 | |a обеззараживание | |
| 610 | 1 | |a сточные воды | |
| 610 | 1 | |a микроорганизмы | |
| 610 | 1 | |a ионизирующая радиация | |
| 610 | 1 | |a дезинфицирующие свойства | |
| 610 | 1 | |a наносекундные пучки | |
| 700 | 1 | |a Курилова |b А. А. | |
| 702 | 1 | |a Чубик |b М. В. |c химик |c доцент Томского политехнического университета, кандидат медицинских наук |f 1974- |g Марианна Валериановна |2 stltpush |4 727 | |
| 712 | 0 | 2 | |a Национальный исследовательский Томский политехнический университет (ТПУ) |b Управление программ развития (УПР) |b Центр мониторинга и рейтинговых исследований (Центр МИР) |h 7302 |2 stltpush |3 (RuTPU)RU\TPU\col\20556 |
| 801 | 2 | |a RU |b 63413507 |c 20160625 |g RCR | |
| 856 | 4 | |u http://earchive.tpu.ru/handle/11683/25982 | |
| 942 | |c BK | ||